Statistics for Arabic word translation

Click here to take the quiz!

General Stats

  • This quiz has been taken 215 times
  • The average score is 8 of 19

Answer Stats

HintAnswer% Correct
AllahGod
95%
ArabeeArabic
88%
EngleezeeEnglish
84%
MarhabaHello
76%
LazNo
76%
MadrassahSchool
73%
SayarahCar
60%
MinFrom
59%
3aenEye
47%
WordahFlower
37%
IlahTo
35%
Da3eefWeak
26%
Mortaph3High
19%
QaerGood
13%
QalakCreate
5%
ShaharBad
5%
MonqaphidLow
5%
KatarWrong
2%
LaaDo not
0%

Score Distribution

Percentile by Number Answered

Percent of People with Each Score

Your Score History

You have not taken this quiz